La dinámica urbana (Registro nro. 3076)
[ vista simple ]
| 000 -LEADER | |
|---|---|
| fixed length control field | 01597 a2200229 4500 |
| 001 - CONTROL NUMBER | |
| control field | 39678 |
| 005 - DATE AND TIME OF LATEST TRANSACTION | |
| control field | 20260407155653.0 |
| 008 - FIXED-LENGTH DATA ELEMENTS--GENERAL INFORMATION | |
| fixed length control field | 260407a1981 arg spa d |
| 003 - CONTROL NUMBER IDENTIFIER | |
| control field | AR-UNSa-BCEJYS |
| 040 ## - CATALOGING SOURCE | |
| Original cataloging agency | AR-UNSa-BCEJYS |
| Language of cataloging | spa |
| Transcribing agency | AR-UNSa-BCEJYS |
| 080 ## - UNIVERSAL DECIMAL CLASSIFICATION NUMBER | |
| Universal Decimal Classification number | 711.4 |
| Common auxiliary subdivision | Ordenación urbana. Desarrollo urbano. Áreas edificadas. Conurbaciones. Asentamientos |
| 020 ## - INTERNATIONAL STANDARD BOOK NUMBER | |
| International Standard Book Number | 84-7088-280-5 |
| 041 ## - LANGUAGE CODE | |
| Language code of text/sound track or separate title | spa |
| 100 1# - MAIN ENTRY--PERSONAL NAME | |
| Personal name | Vioque Lozano, Juan |
| 245 10 - TITLE STATEMENT | |
| Title | La dinámica urbana |
| 264 #1 - PRODUCTION, PUBLICATION, DISTRIBUTION, MANUFACTURE, AND COPYRIGHT NOTICE | |
| Place of production, publication, distribution, manufacture | Madrid : |
| Name of producer, publisher, distributor, manufacturer | Instituto de Estudios de Administración Local |
| Date of production, publication, distribution, manufacture, or copyright notice | 1981 |
| 300 ## - PHYSICAL DESCRIPTION | |
| Extent | 218 p. |
| Dimensions | 22 cm. |
| 505 ## - FORMATTED CONTENTS NOTE | |
| Formatted contents note | Parte I: Las fuerzas motrices : 1. Permanencia de la dinámica del espacio urbanizado - 2. La ciudad en su entorno global - 3. Los dinamismos interurbanos - 4. Impactos del transporte - Parte II: Los mecanismos : 1. Cómo evaluar la dinámica urbana - 2. Los signos de la dinámica del marcoedificado - 3. Ritmo urbanos - 4. Inercias y precisiones - 5. Hacia una teoría del proceso de obsolesencia - 6. Los mecanismos de decisión - 7. Una economía política urbana - 8. El caso de las ciudades de las democracias populares - 9. Dominio o encuadramiento de la dinámica urbana - Parte III: La diferenciación geográfica: 1. La dinámica del centro de las ciudades - 2. Las zonas internas: reconquista o regeneración - 3. Intensificación y reconversión en el espacio suburbano - 4. El espontáneo crecimiento suburbano en las ciudades del tercer mundo - 5. Dinámicas azonales : Los canales pluviales. |
| 590 ## - LOCAL NOTE (RLIN) | |
| Local note | niveau_biblio:m niveau_hierar:0 |
| 700 1# - ADDED ENTRY--PERSONAL NAME | |
| Personal name | Chaline, Claude |
| 942 ## - ADDED ENTRY ELEMENTS (KOHA) | |
| Koha item type | |
| Withdrawn status | Lost status | Damaged status | Not for loan | Home library | Current library | Shelving location | Date acquired | Total checkouts | Full call number | Barcode | Date last seen | Price effective from | Koha item type |
|---|---|---|---|---|---|---|---|---|---|---|---|---|---|
| Biblioteca Prof. Eusebio Cleto del Rey | Biblioteca Prof. Eusebio Cleto del Rey | 07/04/2026 | 711.4 C436 | L58517 | 07/04/2026 | 07/04/2026 | Libro |